00313nam a2200109Ia 4500008004100000100001600041245004400057500005500101650002300156942000700179999001700186181011s9999 xx 000 0 und d aRavi Tiwari 0aMahatma Gandhi's understanding of jesus aJournal of Henry Martyn Institute July - Dec 2001 aStudy of Religions cBR c22287d22287